000 00415nam a2200157Ia 4500
008 240126s9999 xx 000 0 und d
022 _a0957-4093
041 _aEnglish
082 _aLIBRARY-X
245 0 _aInternational Journal of Logistics Management (2005 -
260 _bEmerald Publ.
_aUK
440 _aNULL
650 _aLogistics,Management,(2005, -,Management
650 _aManagement
942 _cJN
999 _c272932
_d272932